000 00701nam a2200241 i 4500
001 C2-0308572
003 PPAK
005 20180728095434.0
008 110508s2006 io |||| ||||| | may d
020 _a9795602195
040 _aPPAK
_beng
_cPPAK
_erda
082 0 4 _a297.0922
_223
090 0 0 _a297.0922
_bMOH
_dKMI
100 1 _aMohammad, Herry,
_eauthor
245 1 0 _aTokoh-tokoh Islam yang berpengaruh abad 20
264 1 _aJakarta, Indonesia :
_bGema Insani ,
_c2006
300 _axiii, 318 pages ;
_c24 cm
336 _2rdacontent
_atext
337 _2rdamedia
_aunmediated
338 _2rdacarrier
_avolume
650 1 0 _aMuslims Biography. ; Scholar, Muslim Biography.
942 _ddc
_cB
999 _c111172
_d111172